[Event "Budapest Art Pub Cup 7th"]
[Site "Budapest"]
[Date "2015.03.15"]
[Round "5"]
[White "Balla, Attila"]
[Black "Virag, Balint"]
[Result "1-0"]
[WhiteElo "1828"]
[BlackElo "1518"]
[PlyCount "63"]
[EventDate "2015.03.13"]
[EventType "swiss"]
[EventRounds "6"]
[EventCountry "HUN"]
[SourceTitle "CBM 165 Extra"]
[Source "ChessBase"]
[SourceDate "2015.04.21"]
[SourceVersion "1"]
[SourceVersionDate "2015.04.21"]
[SourceQuality "1"]

1. Nf3 d5 2. d3 Nc6 3. g3 e5 4. Nbd2 Nf6 5. e4 Bb4 6. c3 Bc5 7. Bg2 Bg4 8. h3 Be6 9. 0-0 0-0 10. Qe2 d4 11. c4 Qd7 12. Kh2 a6 13. a3 b5 14. b4 Bb6 15. c5 Ba7 16. Nh4 a5 17. f4 Qe7 18. fxe5 Nxe5 19. Ndf3 Nxf3+ 20. Qxf3 h6 21. Bxh6 gxh6 22. Qxf6 Qxf6 23. Rxf6 Kg7 24. Raf1 Rfc8 25. e5 c6 26. Nf5+ Bxf5 27. R1xf5 Rc7 28. Bxc6 Rb8 29. Bd5 Rf8 30. e6 Bxc5 31. bxc5 Rxc5 32. Rxf7+ 1-0

[Event "Budapest Art Pub Cup 7th"]
[Site "Budapest"]
[Date "2015.03.15"]
[Round "6"]
[White "Sulcz, Istvan"]
[Black "Balla, Attila"]
[Result "1-0"]
[WhiteElo "1942"]
[BlackElo "1828"]
[PlyCount "81"]
[EventDate "2015.03.13"]
[EventType "swiss"]
[EventRounds "6"]
[EventCountry "HUN"]
[SourceTitle "CBM 165 Extra"]
[Source "ChessBase"]
[SourceDate "2015.04.21"]
[SourceVersion "1"]
[SourceVersionDate "2015.04.21"]
[SourceQuality "1"]

1. d4 Nf6 2. Nf3 g6 3. c4 d6 4. Nc3 Bg7 5. g3 0-0 6. Bg2 Nbd7 7. 0-0 e5 8. h3 Re8 9. e4 exd4 10. Nxd4 Nc5 11. Re1 a5 12. Nb3 Ne6 13. Be3 Nd7 14. Qd2 Ne5 15. Qe2 a4 16. Nd4 Nc5 17. Rad1 g5 18. Nf5 Ne6 19. f4 gxf4 20. gxf4 Ng6 21. Qf2 Bxc3 22. bxc3 Ng7 23. Nxg7 Kxg7 24. c5 Ra6 25. Bf1 Ra5 26. f5 Ne5 27. cxd6 cxd6 28. Bb6 Qg5+ 29. Kh2 Ra8 30. Rxd6 Kh8 31. Be2 f6 32. Rg1 Qh6 33. Bd4 Qf8 34. Qg3 b5 35. Bxe5 fxe5 36. Rd8 Bb7 37. Rxa8 Bxa8 38. Bh5 Re7 39. f6 Rd7 40. Qxe5 Rd2+ 41. Kh1 1-0

[Event "Budapest op 3rd"]
[Site "Budapest"]
[Date "2013.08.21"]
[Round "5"]
[White "Bodrogi, Laszlo"]
[Black "Balla, Attila"]
[Result "1-0"]
[WhiteElo "2015"]
[BlackElo "1813"]
[PlyCount "67"]
[EventDate "2013.08.17"]
[EventType "swiss"]
[EventRounds "9"]
[EventCountry "HUN"]
[SourceTitle "CBM 156 Extra"]
[Source "ChessBase"]
[SourceDate "2013.10.22"]
[SourceVersion "1"]
[SourceVersionDate "2013.10.22"]
[SourceQuality "1"]

1. d4 d5 2. c4 e6 3. Nc3 Nf6 4. Bg5 c6 5. e3 Be7 6. Nf3 Nbd7 7. Rc1 0-0 8. Bd3 Re8 9. 0-0 Nf8 10. c5 N6d7 11. Bxe7 Qxe7 12. e4 dxe4 13. Nxe4 Nf6 14. Nd6 Rd8 15. Ne5 Rxd6 16. cxd6 Qxd6 17. Re1 Nd5 18. Qh5 Ng6 19. Qf3 Qe7 20. Bc4 Nh4 21. Qg4 Qf6 22. g3 Nf5 23. a3 Qh6 24. Qd1 Qg5 25. Bxd5 exd5 26. f4 Qh6 27. Nxc6 Bd7 28. Ne5 Be6 29. Rc7 g5 30. Ng4 Qg6 31. fxg5 Qxg5 32. Re5 Rc8 33. h4 Qg7 34. Rxe6 1-0

[Event "Budapest FS07 FM-B"]
[Site "Budapest"]
[Date "2013.07.12"]
[Round "7"]
[White "Balla, Attila"]
[Black "Lukacs, Albert"]
[Result "1-0"]
[WhiteElo "1762"]
[BlackElo "1915"]
[PlyCount "57"]
[EventDate "2013.07.06"]
[EventType "tourn"]
[EventRounds "11"]
[EventCountry "HUN"]
[SourceTitle "CBM 155 Extra"]
[Source "ChessBase"]
[SourceDate "2013.08.26"]
[SourceVersion "1"]
[SourceVersionDate "2013.08.26"]
[SourceQuality "1"]

1. Nf3 Nf6 2. g3 d5 3. Bg2 c5 4. d3 Nc6 5. 0-0 Bg4 6. Nbd2 Qc7 7. e4 d4 8. a4 Ne5 9. h3 Nxf3+ 10. Nxf3 Bd7 11. Bf4 Qc8 12. Kh2 g6 13. Qd2 h6 14. Be5 Bg7 15. c3 dxc3 16. Qxc3 Qc6 17. Nd2 Rc8 18. Nc4 Qe6 19. f4 Bc6 20. f5 gxf5 21. Rxf5 h5 22. Kh1 Rh6 23. Raf1 Rg6 24. Ne3 Bxa4 25. Nd5 Kf8 26. Nf4 Qb6 27. Nxg6+ fxg6 28. Bxf6 Bxf6 29. Rxf6+ 1-0

[Event "Budapest FS07 FM-B"]
[Site "Budapest"]
[Date "2012.07.17"]
[Round "11"]
[White "Balla, Attila"]
[Black "Nemeth, Otto"]
[Result "1/2-1/2"]
[WhiteElo "1782"]
[BlackElo "1837"]
[PlyCount "32"]
[EventDate "2012.07.07"]
[EventType "tourn"]
[EventRounds "11"]
[EventCountry "HUN"]
[SourceTitle "CBM 149 Extra"]
[Source "ChessBase"]
[SourceDate "2012.08.24"]
[SourceVersion "1"]
[SourceVersionDate "2012.08.24"]
[SourceQuality "1"]

1. d4 d5 2. Nc3 e6 3. Nf3 Nc6 4. e3 a6 5. Bd3 f5 6. 0-0 Nf6 7. Bd2 Bd6 8. a3 0-0 9. h3 h6 10. Qe2 Qe7 11. b4 b5 12. Rab1 Bd7 13. Nh4 Be8 14. g3 g5 15. Ng2 Qg7 16. Qf3 a5 1/2-1/2

[Event "Budapest FS07 FM-B"]
[Site "Budapest"]
[Date "2012.07.16"]
[Round "10"]
[White "Schmidt, Wolfgang1111"]
[Black "Balla, Attila"]
[Result "0-1"]
[WhiteElo "1444"]
[BlackElo "1782"]
[PlyCount "82"]
[EventDate "2012.07.07"]
[EventType "tourn"]
[EventRounds "11"]
[EventCountry "HUN"]
[SourceTitle "CBM 149 Extra"]
[Source "ChessBase"]
[SourceDate "2012.08.24"]
[SourceVersion "1"]
[SourceVersionDate "2012.08.24"]
[SourceQuality "1"]

1. d4 d5 2. Nf3 Nf6 3. c4 e6 4. Nc3 Be7 5. e3 b6 6. cxd5 Nxd5 7. e4 Nxc3 8. bxc3 Bb7 9. Bd3 0-0 10. 0-0 Nd7 11. c4 c5 12. d5 exd5 13. cxd5 Bf6 14. Rb1 Re8 15. Re1 Rc8 16. Bb2 c4 17. Bxf6 Nxf6 18. Bc2 a6 19. a4 Ba8 20. Nd4 Rb8 21. Re3 Qc7 22. Qe2 Qc5 23. Nf5 b5 24. axb5 axb5 25. Qd1 g6 26. Nd4 Re7 27. Kh1 Ra7 28. d6 Qxd6 29. e5 Qd5 30. f3 Re7 31. Rxb5 Rxb5 32. Nxb5 Qxd1+ 33. Bxd1 Nd5 34. Re1 Rb7 35. Nd6 Rb1 36. Ne4 c3 37. Rg1 Rb2 38. Ba4 c2 39. Nd2 Nc3 40. Bb3 Ne2 41. Bxf7+ Kxf7 0-1

[Event "Budapest op 1st"]
[Site "Budapest"]
[Date "2011.08.22"]
[Round "3"]
[White "Balla, Attila"]
[Black "Bartuszek, Andras"]
[Result "1-0"]
[WhiteElo "1722"]
[BlackElo "1883"]
[PlyCount "65"]
[EventDate "2011.08.20"]
[EventType "swiss"]
[EventRounds "9"]
[EventCountry "HUN"]
[SourceTitle "EXT 2022"]
[Source "ChessBase"]
[SourceDate "2021.10.06"]
[SourceVersion "1"]
[SourceVersionDate "2021.10.06"]
[SourceQuality "1"]

1. d4 Nf6 2. c4 g6 3. Nc3 d5 4. cxd5 Nxd5 5. e4 Nxc3 6. bxc3 Bg7 7. Bc4 0-0 8. Ne2 c5 9. 0-0 Nc6 10. Be3 cxd4 11. cxd4 Bg4 12. f3 Na5 13. Bxf7+ Rxf7 14. fxg4 Rxf1+ 15. Kxf1 Qd6 16. e5 Rf8+ 17. Kg1 Qd5 18. Qe1 Nc4 19. Bf2 Bh6 20. Nc3 Qe6 21. Qe4 Qf7 22. Qd5 e6 23. Qxc4 Qxf2+ 24. Kh1 Qc2 25. Qxe6+ Kh8 26. Nd5 Qxa2 27. Rd1 Qe2 28. Rg1 Qc4 29. h3 Qxd4 30. Nf6 Qf4 31. Qe7 Bg7 32. Rd1 Bxf6 33. Qxf8# 1-0

[Event "Budapest FS08 FM-B"]
[Site "Budapest"]
[Date "2011.08.09"]
[Round "4"]
[White "Balla, Attila"]
[Black "Hein, Jacob"]
[Result "1-0"]
[WhiteElo "1722"]
[BlackElo "1557"]
[PlyCount "71"]
[EventDate "2011.08.06"]
[EventType "tourn"]
[EventRounds "10"]
[EventCountry "HUN"]
[SourceTitle "CBM 143 Extra"]
[Source "ChessBase"]
[SourceDate "2011.08.29"]
[SourceVersion "1"]
[SourceVersionDate "2011.08.29"]
[SourceQuality "1"]

1. e4 c6 2. d4 d5 3. Nc3 dxe4 4. Nxe4 f5 5. Ng3 Nf6 6. Nf3 Na6 7. Bxa6 Qa5+ 8. c3 Qxa6 9. Qe2 Qxe2+ 10. Nxe2 Be6 11. Nf4 Bd5 12. Nxd5 Nxd5 13. 0-0 h6 14. Nh4 e6 15. Ng6 Rg8 16. Re1 Kf7 17. Ne5+ Ke7 18. c4 Nb4 19. Re2 Rd8 20. Be3 g5 21. a3 f4 22. axb4 fxe3 23. fxe3 a6 24. Rf2 Rg7 25. Raf1 Re8 26. Rf7+ Rxf7 27. Rxf7+ Kd8 28. c5 Kc8 29. Ng6 Bxc5 30. bxc5 Kb8 31. Rh7 Rg8 32. Rxh6 Rg7 33. Ne5 g4 34. Rxe6 g3 35. hxg3 Rxg3 36. Kf2 1-0

[Event "HUN-chT U18"]
[Site "Miskolc"]
[Date "2009.10.27"]
[Round "2.6"]
[White "Balla, Attila"]
[Black "Farkas, Richard"]
[Result "0-1"]
[WhiteElo "1716"]
[BlackElo "1900"]
[PlyCount "98"]
[EventDate "2009.10.26"]
[EventType "team-swiss"]
[EventRounds "8"]
[EventCountry "HUN"]
[SourceTitle "EXT 2016"]
[Source "ChessBase"]
[SourceDate "2015.10.08"]
[SourceVersion "1"]
[SourceVersionDate "2015.10.08"]
[SourceQuality "1"]

1. e4 e6 2. d4 d5 3. e5 c5 4. c3 Nc6 5. Nf3 Bd7 6. Be2 Qb6 7. 0-0 cxd4 8. cxd4 Nge7 9. Na3 Nf5 10. Nc2 Na5 11. b3 Bb5 12. Bxb5+ Qxb5 13. Bd2 Be7 14. Bc3 Rc8 15. Qd2 Nxb3 16. axb3 Qxb3 17. Rxa7 0-0 18. Na1 Qxc3 19. Qxc3 Rxc3 20. Rxb7 Rfc8 21. Nb3 h5 22. h3 R8c7 23. Rxc7 Rxc7 24. Rc1 Rxc1+ 25. Nxc1 Ba3 26. Nd3 Kf8 27. Kh2 Ke8 28. g4 hxg4 29. hxg4 Ne7 30. Kg3 Nc6 31. Kf4 Be7 32. Ke3 Bd8 33. Nd2 Ba5 34. Nb3 Bc3 35. f4 Kd7 36. Ndc5+ Kc7 37. f5 exf5 38. gxf5 Ne7 39. Kf4 Kc6 40. e6 f6 41. Nd3 Kb5 42. Kg4 Kc4 43. Ndc1 Bxd4 44. Nxd4 Kxd4 45. Ne2+ Ke5 46. Nf4 d4 47. Ng6+ Nxg6 48. fxg6 Kxe6 49. Kf3 Kf5 0-1

[Event "HUN-chT U18"]
[Site "Miskolc"]
[Date "2009.10.27"]
[Round "3.8"]
[White "Gledura, Benjamin"]
[Black "Balla, Attila"]
[Result "1-0"]
[WhiteElo "2018"]
[BlackElo "1716"]
[PlyCount "61"]
[EventDate "2009.10.26"]
[EventType "team-swiss"]
[EventRounds "8"]
[EventCountry "HUN"]
[SourceTitle "EXT 2016"]
[Source "ChessBase"]
[SourceDate "2015.10.08"]
[SourceVersion "1"]
[SourceVersionDate "2015.10.08"]
[SourceQuality "1"]

1. d4 d5 2. Nf3 Nf6 3. Bf4 Bf5 4. e3 e6 5. Ne5 Nbd7 6. Bd3 g6 7. Be2 Bg7 8. g4 g5 9. Bxg5 Bg6 10. h4 h6 11. Nxg6 fxg6 12. Bf4 Ne4 13. f3 Nd6 14. Nd2 Qe7 15. Bd3 Nf8 16. c3 0-0-0 17. Qc2 g5 18. hxg5 hxg5 19. Rxh8 Bxh8 20. Bg3 Nd7 21. 0-0-0 Bg7 22. c4 Kb8 23. c5 Nf7 24. c6 Nb6 25. cxb7 Kxb7 26. Bb5 e5 27. Kb1 Rc8 28. Nb3 c6 29. Na5+ Ka8 30. Bxc6+ Kb8 31. Qb3 1-0

[Event "HUN-chT U18"]
[Site "Miskolc"]
[Date "2008.10.29"]
[Round "5.13"]
[White "Balla, Attila"]
[Black "Csorsz, Ferenc Jr"]
[Result "0-1"]
[WhiteElo "1704"]
[BlackElo "1848"]
[PlyCount "30"]
[EventDate "2008.10.27"]
[EventType "team-swiss"]
[EventRounds "8"]
[EventCountry "HUN"]
[SourceTitle "EXT 2016"]
[Source "ChessBase"]
[SourceDate "2015.10.08"]
[SourceVersion "1"]
[SourceVersionDate "2015.10.08"]
[SourceQuality "1"]

1. e4 d5 2. exd5 Qxd5 3. Nc3 Qd6 4. d4 Nf6 5. Nf3 Bf5 6. g3 e6 7. Bg2 c6 8. 0-0 Be7 9. Bf4 Qd8 10. Re1 0-0 11. Ne2 Nbd7 12. c3 Nb6 13. Kh1 Nbd5 14. Nh4 Ng4 15. Qc1 Bxh4 0-1